Proceso inquisitorial contra Don Agustín Beven ; Coronel del Regimiento de Dragones de México / (Record no. 54951)

MARC details
000 -LEADER
fixed length control field 01000cam a2200229 4500
005 - DATE AND TIME OF LATEST TRANSACTION
control field 20150914130451.0
008 - FIXED-LENGTH DATA ELEMENTS--GENERAL INFORMATION
fixed length control field 150902b mx ||||| |||| 00| 0 spa d
020 ## - INTERNATIONAL STANDARD BOOK NUMBER
International Standard Book Number 9688403768
050 04 - LIBRARY OF CONGRESS CALL NUMBER
Classification number BX1740 .M6
Item number B84 1987
100 1# - MAIN ENTRY--PERSONAL NAME
Personal name Buelna Serrano, María Elvira,
Dates associated with a name [1953- ]
245 10 - TITLE STATEMENT
Title Proceso inquisitorial contra Don Agustín Beven ; Coronel del Regimiento de Dragones de México /
Statement of responsibility, etc María Elvira Buelna Serrano.
250 ## - EDITION STATEMENT
Edition statement 1a. ed.
260 ## - PUBLICATION, DISTRIBUTION, ETC. (IMPRINT)
Place of publication, distribution, etc México :
Name of publisher, distributor, etc Universidad Autónoma Metropolitana,
Date of publication, distribution, etc 1987.
300 ## - PHYSICAL DESCRIPTION
Extent 148 p. ;
Dimensions 20 cm.
490 ## - SERIES STATEMENT
Series statement Biblioteca de Ciencias Sociales y Humanidades
504 ## - BIBLIOGRAPHY, ETC. NOTE
Bibliography, etc Incluye bibliografía e índice
600 17 - SUBJECT ADDED ENTRY--PERSONAL NAME
Source of heading or term LEMB
Personal name Beven, Agustín,
Titles and other words associated with a name [Don],
Dates associated with a name [1724?-?]
General subdivision Juicio
Chronological subdivision Siglo XVIII
650 #7 - SUBJECT ADDED ENTRY--TOPICAL TERM
Source of heading or term LEMB
Topical term or geographic name as entry element Iglesia
General subdivision Historia
-- Inquisición
Chronological subdivision Siglos XV-XVIII
Geographic subdivision México
650 #7 - SUBJECT ADDED ENTRY--TOPICAL TERM
Source of heading or term LEMB
Topical term or geographic name as entry element Libros prohibidos
General subdivision Censura
Chronological subdivision Siglos XVI-XVIII
Geographic subdivision México
650 #7 - SUBJECT ADDED ENTRY--TOPICAL TERM
Source of heading or term LEMB
Topical term or geographic name as entry element Iglesia
General subdivision Historia
-- Persecuciones religiosas
Chronological subdivision Siglos XVI-XVIII
Geographic subdivision México
942 ## - ADDED ENTRY ELEMENTS (KOHA)
Source of classification or shelving scheme Biblioteca del Cogreso de los Estados Unidos
Koha item type Libro
Holdings
Estado de pérdida Fuente de clasificación Estado del daño No para préstamo Ubicación permanente Ubicación actual Apartado o colección Fecha de adquisición Edición Dependencia de educación superior (DES) Área del conocimiento Clasificación Código de Barras Date last seen Número de copia Tipo de recurso Nota pública
  Biblioteca del Cogreso de los Estados Unidos     Biblioteca del Instituto de Investigaciones Históricas Biblioteca del Instituto de Investigaciones Históricas General 02/09/2015 1a. ed. Humanidades Educación y Humanidades BX1740 .M6 B84 1987 IIH000012958 02/09/2015 C:1 Libro GENERAL
  Biblioteca del Cogreso de los Estados Unidos     Biblioteca del Instituto de Investigaciones Históricas Biblioteca del Instituto de Investigaciones Históricas General 02/09/2015 1a. ed. Humanidades Educación y Humanidades BX1740 .M6 B84 1987 IIH000012959 02/09/2015 C:2 Libro GENERAL